000 00596nam a2200217Ia 4500
003 OSt
005 20251111182359.0
008 210423s1998 xx 000 0 und d
040 _cAL
041 _aEnglish
082 _a370
_bBUCC
100 _aPiloo M Buch
_9101944
245 _aContemporary thoughts on education
260 _aBaroda
_bSociety for Education & Resource
_c1998
300 _bxii, 316p.
_aHB
_c24.5x16.3cm.
365 _cINR
700 _aBuch, Piloo M
_9245087
700 _aDave, Jyotsna P
_9245088
906 _aContemporary ; education. ; thoughts
942 _2ddc
_cBK
999 _c171824
_d171824